| 000 | 00865cam a2200217 4500 | ||
|---|---|---|---|
| 001 | WB3801-23 | ||
| 008 | 020110n2002 000 0 eng u | ||
| 035 | _a(Sirsi) u116239 | ||
| 245 | _aFlooding could deny homeowners insurance | ||
| 260 | _c2002 | ||
| 490 |
_aRICS Environment Faculty News _v8 November 2001, (1) |
||
| 520 | _aThe Shadow Environment Minister has warned that many homeowners will be denied insurance cover in the event of another flooding crisis. The Association of British Insurers has also made it clear that insurance cover may not be available to vulnerable properties in just under a year. | ||
| 590 | _aWB | ||
| 650 | _aFLOODING | ||
| 650 | _aHOMEOWNERS | ||
| 650 |
_aInsurance _96249 |
||
| 650 | _aENVIRONMENT AGENCY | ||
| 650 | _aASSOCIATION OF BRITISH INSURERS | ||
| 690 | _aENVIRONMENTAL AND LAND CONSULTANCY | ||
| 942 | _n0 | ||
| 999 |
_c69255 _d69255 |
||